Ipomoea lanifolia sp. nov. (Convolvulaceae), a new species endemic to the Ibiapaba plateau in northeastern Brazil (Registro n. 338021)
[ somente texto ]
| 000 -LÍDER | |
|---|---|
| fixed length control field | 02537nab a2200277 i 4500 |
| 003 - CÓDIGO MARC DA AGÊNCIA CATALOGADORA | |
| Campo de controle | BR-BrBNA |
| 005 - DATA E HORA DA ÚLTIMA ATUALIZAÇÃO | |
| Campo de controle | 20250904171653.0 |
| 008 - CAMPO DE TAMANHO FIXO | |
| fixed length control field | 250904b2021 bl.ar|pooa||| 00| 0 eng | |
| 040 ## - FONTE DA CATALOGAÇÃO | |
| Agência catalogadora | BR-BrBNA |
| Idioma da catalogação | eng |
| 072 ## - CATEGORIA AGRIS | |
| Código AGRIS | F70 |
| 100 ## - ENTRADA PRINCIPAL - NOME PESSOAL | |
| Nome pessoal | Santos, Diego |
| 100 ## - ENTRADA PRINCIPAL - NOME PESSOAL | |
| Nome pessoal | Souza, Elnatan Bezerra |
| 100 ## - ENTRADA PRINCIPAL - NOME PESSOAL | |
| Nome pessoal | Buril, Maria Teresa |
| 245 ## - TÍTULO PRINCIPAL | |
| Título principal | Ipomoea lanifolia sp. nov. (Convolvulaceae), a new species endemic to the Ibiapaba plateau in northeastern Brazil |
| 500 ## - NOTA GERAL | |
| Nota geral | Publicação on-line; 26 ref.; 1 table; 3 illus.; Summaries (En, Pt) |
| 942 ## - ADDED ENTRY ELEMENTS (KOHA) | |
| Koha item type | Analítica |
| 520 ## - NOTA DE RESUMO | |
| Nota de conteúdo | <br/><br/>Abstract<br/><br/>A new species of Ipomoea, thus far endemic to Caatinga domain, is described. The species occurs in a<br/>“carrasco” physiognomy - a shrubby vegetation on sandy soils characterized by the presence of cacti and<br/>bromeliads. The new species can be recognized by a combination of morphological characters, including<br/>a leaf blade with a lanate abaxial surface with long hairs, and sepals lanceolate, acuminate, tomentose, and<br/>smooth. A complete description, diagnosis, an identification key for Ipomoea species from the Ibiapaba<br/>plateau, illustrations, conservation assessments, a distribution map, and taxonomic comments are provided.<br/><br/>Key words: Brazil, Convolvulaceae, Ipomoea, taxonomy, threatened species.<br/><br/><br/><br/><br/>Resumo<br/><br/>Uma nova espécie de Ipomoea até agora endêmica no domínio da caatinga, aqui descrita. A espécie ocorre na<br/>fisionomia do carrasco - uma vegetação arbustiva em solos arenosos caracterizada pela presença de cactos e<br/>bromélias. A nova espécie pode ser reconhecida por uma combinação de caracteres morfológicos, incluindo<br/>lâmina foliar com superfície abaxial lanosa com tricomas longos e sépalas lanceoladas, acuminadas, tomentosas<br/>e lisas. Nós fornecemos descrição completa, diagnose, uma chave de identificação para espécies de Ipomoea<br/>do Planalto da Ibiapaba, ilustrações, status de conservação, mapa de distribuição e comentários taxonômicos.<br/><br/>Palavras-chave: Brazil, Convolvulaceae, Ipomoea, taxonomia, espécie ameaçada. |
| 650 ## - ASSUNTO - THESAGRO | |
| Cabeçalho tópico ou nome geográfico | BRAZIL |
| 650 ## - ASSUNTO - THESAGRO | |
| Cabeçalho tópico ou nome geográfico | CONVOLVULACEAE |
| 650 ## - ASSUNTO - THESAGRO | |
| Cabeçalho tópico ou nome geográfico | CORDA DE VIOLA |
| 650 ## - ASSUNTO - THESAGRO | |
| Cabeçalho tópico ou nome geográfico | TAXONOMIA |
| 650 ## - ASSUNTO - THESAGRO | |
| Cabeçalho tópico ou nome geográfico | ESPÉCIE EM EXTINÇÃO |
| 773 0# - ENTRADA ANALÍTICA | |
| Host Biblionumber | 709 |
| Registro do item | 357347 |
| Imprenta | Rio de Janeiro-RJ Jardim Botanico do Rio de Janeiro 1935 |
| Outro identificador | 2025-5311 |
| Título | Rodriguésia (Brazil) |
| ISSN | 0370-6583; 2175-7860 on-line |
| Colação | v. 72 p. 1-7; (2021) |
| Número de controle de registro | BR2025002201 |
| 856 ## - ACESSO E ENDEREÇO ELETRÔNICO | |
| Identificador uniforme de recurso - URI | https://www.scielo.br/j/rod/a/p7znMxyRHwXPMTWDNPKyhSf/?format=pdf&lang=en |
Nenhum exemplar disponível.

BINAGRI